| 000 | 00318nam a22000977a 4500 | ||
|---|---|---|---|
| 008 | 140121b xxu||||| |||| 00| 0 eng d | ||
| 020 |
_a9780071780285 _cAvailable |
||
| 082 |
_2Seventh Ed _a005.8MCC _b002483 |
||
| 245 |
_aHacking Exposed 7 Network Security Secrets & Solutions _cMcClure _hEnglish |
||
| 260 |
_aUSA _bMcgraw-Hill _c2012 |
||
| 999 |
_c23792 _d23792 |
||